Phân lập và đánh giá khả năng nitrat hóa một số dòng vi khuẩn ở ao nuôi cá tra : Luận văn Thạc sĩ Sinh học chuyên ngành Sinh thái học

Đề tài phân lập một số dòng vi khuẩn nitrate hóa ở ao nuôi cá tra, đánh giá khả năng oxy hóa ammonia và oxy hóa nitrite của các dòng vi khuẩn phân lập trong phòng thí nghiệm.

में बचाया:
ग्रंथसूची विवरण
मुख्य लेखक: Nguyễn, Thị Châu Khoa
स्वरूप: पुस्तक
भाषा:Undetermined
प्रकाशित: Cần Thơ Trường Đại học Cần Thơ 2010
विषय:
टैग : टैग जोड़ें
कोई टैग नहीं, इस रिकॉर्ड को टैग करने वाले पहले व्यक्ति बनें!
Thư viện lưu trữ: Trung tâm Học liệu Trường Đại học Cần Thơ
LEADER 01094nam a2200217Ia 4500
001 CTU_162229
008 210402s9999 xx 000 0 und d
082 |a 577.636 
082 |b Kh401 
088 |a 60420120 
100 |a Nguyễn, Thị Châu Khoa 
245 0 |a Phân lập và đánh giá khả năng nitrat hóa một số dòng vi khuẩn ở ao nuôi cá tra : 
245 0 |b Luận văn Thạc sĩ Sinh học chuyên ngành Sinh thái học 
245 0 |c Nguyễn Thị Châu Khoa ; Cao Văn Phụng ( hướng dẫn khoa học ) 
260 |a Cần Thơ 
260 |b Trường Đại học Cần Thơ 
260 |c 2010 
520 |a Đề tài phân lập một số dòng vi khuẩn nitrate hóa ở ao nuôi cá tra, đánh giá khả năng oxy hóa ammonia và oxy hóa nitrite của các dòng vi khuẩn phân lập trong phòng thí nghiệm. 
650 |a Aquatic ecology,Sinh thái học nước 
904 |i Trọng Hải 
980 |a Trung tâm Học liệu Trường Đại học Cần Thơ